Iglesias locales y catolicidad
Guardat en:
| Autors principals: | , |
|---|---|
| Altres autors: | |
| Format: | Llibre |
| Idioma: | espanyol |
| Publicat: |
Salamanca
Universidad Pontificia de España
1992
|
| Matèries: | |
| Etiquetes: |
Afegir etiqueta
Sense etiquetes, Sigues el primer a etiquetar aquest registre!
|
MARC
| LEADER | 00000nam a2200000 a 4500 | ||
|---|---|---|---|
| 001 | UCM5020 | ||
| 003 | CL-VaPUC | ||
| 005 | 20250106155327.0 | ||
| 008 | 020927e19920000sp 1 spa d | ||
| 082 | 0 | 4 | |a 262.3 |b LEG |2 21 |
| 100 | 1 | |a Legrand, Hervé |e author |9 620173 | |
| 700 | |a Manzanares Marijuán, Julio |e autor |9 623235 | ||
| 700 | |a García y García, Antonio |e author |9 620175 | ||
| 245 | 1 | 0 | |a Iglesias locales y catolicidad |
| 260 | |a Salamanca |b Universidad Pontificia de España |c 1992 | ||
| 300 | |a 782 p | ||
| 583 | |a last modification |c 20020927 00:00:00 |k Rodrigo Vera | ||
| 650 | 0 | 0 | |a Concilio Vaticano |9 329828 |
| 650 | 0 | 0 | |a Iglesia Católica |9 256114 |
| 942 | |c BK | ||
| 945 | |a vberengu |d 20020927 00:00:00 | ||
| 546 | |a En Español | ||
| 518 | |p Coloquio Internacional de Salamanca, Salamanca, 2 al 7 de abril de 1991 | ||
| 999 | |c 383797 |d 383795 | ||
| 952 | |0 0 |1 0 |4 0 |6 262_300000000000000_LEG_1992 |7 0 |8 A |9 506064 |a BIBDER |b BIBDER |d 2020-01-23 |i 381565K |o 262.3 LEG 1992 |p 381565K |r 2020-01-23 |w 2020-01-23 |y BK |k DER | ||